Lewis.Tsurumaki.Lewis : (Record no. 7678)

000 -LEADER
fixed length control field 00961cam a2200241 a 4500
005 - DATE AND TIME OF LATEST TRANSACTION
control field 20200317153153.0
008 - FIXED-LENGTH DATA ELEMENTS--GENERAL INFORMATION
fixed length control field 070118s2008 ilua 000 0 eng
020 ## - INTERNATIONAL STANDARD BOOK NUMBER
International Standard Book Number 9781568987101 (pbk.)
035 ## - SYSTEM CONTROL NUMBER
System control number (OCoLC)ocm80019981
082 00 - DEWEY DECIMAL CLASSIFICATION NUMBER
Classification number 720.92/2
Edition number 22
Item number LEW
100 1# - MAIN ENTRY--PERSONAL NAME
Personal name Lewis, Paul,
Dates associated with a name 1966-
245 10 - TITLE STATEMENT
Title Lewis.Tsurumaki.Lewis :
Remainder of title opportunistic architecture /
Statement of responsibility, etc Paul Lewis, Marc Tsurumaki, David J. Lewis.
250 ## - EDITION STATEMENT
Edition statement 1st ed.
260 ## - PUBLICATION, DISTRIBUTION, ETC. (IMPRINT)
Place of publication, distribution, etc Chicago :
Name of publisher, distributor, etc Graham Foundation for Advanced Studies in the Fine Arts ;
Place of publication, distribution, etc New York :
Name of publisher, distributor, etc Princeton Architectural Press,
Date of publication, distribution, etc c2008.
300 ## - PHYSICAL DESCRIPTION
Extent 192 p. :
Other physical details ill. (chiefly col.) ;
Dimensions 26 cm.
440 #0 - SERIES STATEMENT/ADDED ENTRY--TITLE
Title New voices in architecture
610 20 - SUBJECT ADDED ENTRY--CORPORATE NAME
Corporate name or jurisdiction name as entry element Lewis.Tsurumaki.Lewis.
650 #0 - SUBJECT ADDED ENTRY--TOPICAL TERM
Topical term or geographic name as entry element Architecture, Modern
Chronological subdivision 21st century.
700 1# - ADDED ENTRY--PERSONAL NAME
Personal name Tsurumaki, Marc,
Dates associated with a name 1965-
700 1# - ADDED ENTRY--PERSONAL NAME
Personal name Lewis, David J.,
Dates associated with a name 1966-
856 42 - ELECTRONIC LOCATION AND ACCESS
Materials specified Contributor biographical information
Uniform Resource Identifier <a href="http://www.loc.gov/catdir/enhancements/fy0732/2007002186-b.html">http://www.loc.gov/catdir/enhancements/fy0732/2007002186-b.html</a>
942 ## - ADDED ENTRY ELEMENTS (KOHA)
Source of classification or shelving scheme
Holdings
Withdrawn status Lost status Source of classification or shelving scheme Damaged status Koha normalized classification for sorting Not for loan Permanent location Current location Date acquired Full call number Barcode Date last seen Price effective from Koha item type Source of acquisition Cost, normal purchase price Cost, replacement price
        720_920000000000000_2_LEW   BMS College of Architecture, Design and Planning BMS College of Architecture, Design and Planning 2020-03-17 720.92/2 LEW AR-PG280 2020-03-17 2020-03-17 PG Books      
        720_920000000000000_2_LEW   BMS College of Architecture, Design and Planning BMS College of Architecture, Design and Planning 2022-04-08 720.92/2 LEW AR-PG538 2022-04-08 2022-04-08 PG Books 6 2203.60 3148.00
Copyright © 2025, The Librarian, Library and Information Centre, BMSCA D&P, Bengaluru. All Rights Reserved
web counter

Powered by Koha